000 003960000a22001570004500
003 LK-CoMWRAF
008 230817t ||||| |||| 00| 0 eng d
040 _aLK-CoMWRAF
_dLK-CoMWRAF
_eLK-CoMWRAF
041 _aeng
082 _a300
_bPEN
245 _aPennkalum Velaiyum Parl Nilai Norkil
_bPayitsi kainool
260 _aSri Lanka
_bWUSC
_c1995
300 _ap.100
650 _awomen
942 _cBK
999 _c2900
_d2900